IFM Opac

Customer Services-Marketing and the Competitive Enviroment (Record no. 2289)

MARC details
000 -LEADER
fixed length control field 00529nam a2200193Ia 4500
003 - CONTROL NUMBER IDENTIFIER
control field OSt
005 - DATE AND TIME OF LATEST TRANSACTION
control field 20220902100057.0
008 - FIXED-LENGTH DATA ELEMENTS--GENERAL INFORMATION
fixed length control field 220902b |||||||| |||| 00| 0 eng d
020 ## - INTERNATIONAL STANDARD BOOK NUMBER
International Standard Book Number 0 273 03994 6
040 ## - CATALOGING SOURCE
Transcribing agency IFM Library
082 ## - DEWEY DECIMAL CLASSIFICATION NUMBER
Classification number 658.812
100 ## - MAIN ENTRY--PERSONAL NAME
Personal name Mayall Caro
9 (RLIN) 7340
245 ## - TITLE STATEMENT
Title Customer Services-Marketing and the Competitive Enviroment
260 ## - PUBLICATION, DISTRIBUTION, ETC.
Place of publication, distribution, etc. London:
Name of publisher, distributor, etc. Pitman Publishing,
Date of publication, distribution, etc. 1993
300 ## - PHYSICAL DESCRIPTION
Extent x , 276p.:
Other physical details ill. ; 25cm
500 ## - GENERAL NOTE
General note Includes index
700 ## - ADDED ENTRY--PERSONAL NAME
Personal name Sally Palmer
9 (RLIN) 7341
942 ## - ADDED ENTRY ELEMENTS (KOHA)
Koha item type Books
Source of classification or shelving scheme Dewey Decimal Classification
Suppress in OPAC No
Holdings
Withdrawn status Lost status Source of classification or shelving scheme Damaged status Not for loan Collection code Home library Current library Shelving location Date acquired Source of acquisition Full call number Barcode Date last seen Price effective from Koha item type
    Dewey Decimal Classification     Non-fiction IFM Main Campus Library IFM Main Campus Library Special Reserve Collection 09/02/2022 Purchased 658.812 MAY 0000002335 05/15/2015 02/19/2022 Books
    Dewey Decimal Classification     Non-fiction IFM Main Campus Library IFM Main Campus Library Special Reserve Collection 09/02/2022 Purchased 658.812 MAY 0000002343 11/11/2015 02/19/2022 Books
    Dewey Decimal Classification     Non-fiction IFM Main Campus Library IFM Main Campus Library Special Reserve Collection 09/02/2022 Purchased 658.812 MAY 0000018609 11/08/2016 02/19/2022 Books